Štrukturálne zmeny v zahraničnom obchode Nemecka v 21. storočí diplomová práca

Uložené v:
Podrobná bibliografia
Hlavný autor: Hránková, Lucia
Korporativný autor: Fakulta medzinárodných vzťahov EU. Katedra medzinárodných ekonomických vzťahov a hospodárskej diplomacie
Ďalší autori: Jančíková, Eva, 1960-
Médium: Kniha
Jazyk:Slovak
Vydavateľské údaje: Bratislava 2016
Tagy: Pridať tag
Žiadne tagy, Buďte prvý, kto otaguje tento záznam!

MARC

LEADER 00000nbm a2200000 4500
001 0218059
005 20170209153638.7
041 0 |a slo 
044 |a SK 
245 1 0 |a Štrukturálne zmeny v zahraničnom obchode Nemecka v 21. storočí  |b diplomová práca  |c Lucia Hránková ; školiteľ: Eva Jančíková 
264 1 |a Bratislava  |c 2016 
300 |a 70 s. 
100 1 |a Hránková, Lucia 
700 1 |a Jančíková, Eva, 1960- 
710 2 |a Fakulta medzinárodných vzťahov EU. Katedra medzinárodných ekonomických vzťahov a hospodárskej diplomacie